Glossary of Literary Terms (Record no. 11167)

MARC details
000 -LEADER
fixed length control field 00471nam a22001817a 4500
003 - CONTROL NUMBER IDENTIFIER
control field OSt
008 - FIXED-LENGTH DATA ELEMENTS--GENERAL INFORMATION
fixed length control field 220418b ||||| |||| 00| 0 eng d
020 ## - INTERNATIONAL STANDARD BOOK NUMBER
International Standard Book Number 9788131526354
082 ## - DEWEY DECIMAL CLASSIFICATION NUMBER
Classification number 491.423 ABG
100 ## - MAIN ENTRY--PERSONAL NAME
Personal name ABRAMS, M.H.
245 ## - TITLE STATEMENT
Title Glossary of Literary Terms
250 ## - EDITION STATEMENT
Edition statement 11th Edition
260 ## - PUBLICATION, DISTRIBUTION, ETC. (IMPRINT)
Place of publication, distribution, etc Delhi
Name of publisher, distributor, etc Cengage Learning India Ltd.
Date of publication, distribution, etc 2021
300 ## - PHYSICAL DESCRIPTION
Extent 430
650 ## - SUBJECT ADDED ENTRY--TOPICAL TERM
Topical term or geographic name as entry element Glossary of Literary Terms
700 ## - ADDED ENTRY--PERSONAL NAME
Personal name HARPHAM, Geoffrey. Galt
942 ## - ADDED ENTRY ELEMENTS (KOHA)
Source of classification or shelving scheme Dewey Decimal Classification
Koha item type Text Books
942 ## - ADDED ENTRY ELEMENTS (KOHA)
-- 1
Holdings
Withdrawn status Lost status Source of classification or shelving scheme Damaged status Not for loan Collection code Home library Current library Date acquired Source of acquisition Currency Cost, normal purchase price Bill Number Total Checkouts Full call number Acc. no. / Barcode Date last seen Date last borrowed Actual Cost, discounted price Bill Date Koha item type
    Dewey Decimal Classification     B.A Hons. English PIET NCR College Library PIET NCR College Library 18/04/2022 Kirti Prakashan Indian Rup 299.00 IN61 1 491.423 ABG N2432 17/10/2023 04/10/2023 209.30 09/04/2022 Text Books
    Dewey Decimal Classification     B.A Hons. English PIET NCR College Library PIET NCR College Library 18/04/2022 Kirti Prakashan Indian Rup 299.00 IN61 2 491.423 ABG N2433 12/03/2024 28/02/2024 209.30 09/04/2022 Text Books
    Dewey Decimal Classification     B.A Hons. English PIET NCR College Library PIET NCR College Library 18/04/2022 Kirti Prakashan Indian Rup 299.00 IN61   491.423 ABG N2434 18/04/2022   209.30 09/04/2022 Text Books
    Dewey Decimal Classification     B.A Hons. English PIET NCR College Library PIET NCR College Library 18/04/2022 Kirti Prakashan Indian Rup 299.00 IN61 2 491.423 ABG N2435 28/02/2024 23/02/2024 209.30 09/04/2022 Text Books
    Dewey Decimal Classification     B.A Hons. English PIET NCR College Library PIET NCR College Library 18/04/2022 Kirti Prakashan Indian Rup 299.00 IN61 5 491.423 ABG N2436 18/03/2024 05/03/2024 209.30 09/04/2022 Text Books
    Dewey Decimal Classification     B.A Hons. English PIET NCR College Library PIET NCR College Library 18/04/2022 Kirti Prakashan Indian Rup 299.00 IN61 1 491.423 ABG N2437 22/02/2024 07/02/2024 209.30 09/04/2022 Text Books
    Dewey Decimal Classification     B.A Hons. English PIET NCR College Library PIET NCR College Library 18/04/2022 Kirti Prakashan Indian Rup 299.00 IN61 1 491.423 ABG N2438 18/03/2024 28/02/2024 209.30 09/04/2022 Text Books
    Dewey Decimal Classification     B.A Hons. English PIET NCR College Library PIET NCR College Library 18/04/2022 Kirti Prakashan Indian Rup 299.00 IN61 1 491.423 ABG N2439 30/10/2023 18/10/2023 209.30 09/04/2022 Text Books

Design & Developed by: PIET Central Library
R70 Miles Stone Pattikalyana Samalkha Panipat 132102
mail ID :- [email protected], Phone No:- 0180-2569700 Ex.216